¿ Formar profesores para la reforma o reformar la formación de los profesores ? (Record no. 147094)

MARC details
000 -CABECERA
campo de control de longitud fija 00591nab a2200205 a 4500
005 - FECHA Y HORA DE LA ÚLTIMA TRANSACCIÓN
campo de control 20210223131228.0
008 - ELEMENTOS DE LONGITUD FIJA--INFORMACIÓN GENERAL
campo de control de longitud fija 991125s1985 mx 000 0 spa u
035 ## - NÚMERO DE CONTROL DEL SISTEMA
Número de control de sistema UPN01000174990
100 1# - ASIENTO PRINCIPAL--NOMBRE PERSONAL
Nombre de persona Ortega Salazar, Sylvia B.
9 (RLIN) 29405
222 #0 - TÍTULO CLAVE
Título clave AZ :
222 #0 - TÍTULO CLAVE
Información calificativa REVISTA DE EDUCACION Y CULTURA
245 00 - MENCIÓN DE TÍTULO
Título ¿ Formar profesores para la reforma o reformar la formación de los profesores ?
260 ## - PUBLICACIÓN, DISTRIBUCIÓN, ETC.
Lugar de publicación, distribución, etc. México
300 ## - DESCRIPCIÓN FÍSICA
Extensión 18-19
362 0# - FECHAS DE PUBLICACIÓN Y/O DESIGNACIÓN SECUENCIAL
Fecha de publicación y/o designación secuencial 2009 No. 21, may.
653 0# - TERMINO DE INDIZACION - NO CONTROLADO
Término no controlado CALIDAD EDUCATIVA
653 0# - TERMINO DE INDIZACION - NO CONTROLADO
Término no controlado PRACTICA DOCENTE
653 0# - TERMINO DE INDIZACION - NO CONTROLADO
Término no controlado FORMACION DOCENTE
905 ## - TIPO DE MATERIAL
Tipo de material Articulo

No items available.